Animals beginning with the letter K (pictures) - Statistics

General Stats
  • This quiz has been taken 300 times
  • The average score is 7 of 12
Answer Stats
Picture Answer % Correct
Koala
100%
Kangaroo
99%
Kiwi
83%
Killer Whale
80%
Komodo Dragon
75%
Kingfisher
56%
Krill
51%
Kookaburra
50%
Kite
38%
Kudu
30%
Kakapo
28%
Klipspringer
14%
No matching quizzes found
Score Distribution
Percent of People with Each Score
Percentile by Number Answered
Your Score History
You have not taken this quiz